01461cam a2200289 a 45000010005000000030006000050050017000110080041000280100017000690200029000860200026001150200018001410400023001590500018001820820015002001000029002152450111002442600041003553000058003965050181004545200182006356000055008176500069008726500071009416550079010126550080010919296FISKH20260106085745.0080923s2009 nyua j 000 0 eng  a 2008038838 a9780545052511qhardcover a0545052513qhardcover a9780545285483 aDLCcDLCdDLCbeng aPZ7.R567683 T a796.3570921 aRobinson, Sharon,d1950-10aTesting the ice :ba true story about Jackie Robinson /cby Sharon Robinson ; illustrated by Kadir Nelson. aNew York :bScholastic Press,c2009. a40 unnumbered pages : ccolor illustrations ; b28 cm aAs a testament to his courage, Jackie Robinson's daughter shares memories of him, from his baseball career to the day he tests the ice for her, her brothers, and their friends. aAs a testament to his courage, Jackie Robinson's daughter shares memories of him, from his baseball career to the day he tested the ice for her, her brothers, and their friends.10aRobinson, Jackie,d1919-1972vJuvenile literature. 0aBaseball playerszUnited StatesvBiographyvJuvenile literature. 0aAfrican American baseball playersvBiographyvJuvenile literature. 7aLiterature.2lcgft0https://id.loc.gov/authorities/genreForms/gf2014026415 7aBiographies.2lcgft0https://id.loc.gov/authorities/genreForms/gf2014026049